Úvod do teorie mezinárodních vzťahů
Obsah a vývoj teórie medzinárodných vzťahov. Základné funkcie teórie medzinárodných vzťahov. Medzinárodné vzťahy a politické vedy. Pojem medzinárodná politika a medzinárodné vzťahy. Objekt a predmet medzinárodných vzťahov.
Na minha lista:
| Autor principal: | |
|---|---|
| Formato: | Capítulo de Livro |
| Idioma: | tcheco |
| Assuntos: | |
| Tags: |
Sem tags, seja o primeiro a adicionar uma tag!
|
MARC
| LEADER | 00000naa$a2200000$$$4500 | ||
|---|---|---|---|
| 001 | 0034668 | ||
| 005 | 20230922122211.4 | ||
| 041 | 0 | |a cze | |
| 044 | |a SK | ||
| 245 | 1 | 0 | |a Úvod do teorie mezinárodních vzťahů |c Adolf Novotný |
| 520 | |a Obsah a vývoj teórie medzinárodných vzťahov. Základné funkcie teórie medzinárodných vzťahov. Medzinárodné vzťahy a politické vedy. Pojem medzinárodná politika a medzinárodné vzťahy. Objekt a predmet medzinárodných vzťahov. | ||
| 610 | 2 | 0 | |a politika medzinárodná |
| 610 | 2 | 0 | |a vzťahy medzinárodné |
| 610 | 2 | 0 | |a vedy spoločenské |
| 610 | 2 | 0 | |a politika |
| 610 | 2 | 0 | |a pojmy |
| 610 | 2 | 0 | |a globalizácia |
| 100 | 1 | |a Novotný, Adolf | |